Catálogo

PERIODISMO INTERPRETATIVO : (Registro nro. 10950)

Detalles MARC
000 -LEADER
fixed length control field 00448nam a2200169 a 4500
001 - CONTROL NUMBER
control field 10950
005 - DATE AND TIME OF LATEST TRANSACTION
control field 20180713195053.0
008 - FIXED-LENGTH DATA ELEMENTS--GENERAL INFORMATION
fixed length control field 140415s1994 000 0 spa d
020 ## - INTERNATIONAL STANDARD BOOK NUMBER
International Standard Book Number 9682448514
041 ## - LANGUAGE CODE
Language code of text/sound track or separate title spa
082 ## - DEWEY DECIMAL CLASSIFICATION NUMBER
Classification number 070.43
Item number RIO
100 1# - MAIN ENTRY--PERSONAL NAME
Personal name RIO REYNAGA, JULIO DEL
245 10 - TITLE STATEMENT
Title PERIODISMO INTERPRETATIVO :
Remainder of title EL REPORTAJE
260 ## - PUBLICATION, DISTRIBUTION, ETC.
Place of publication, distribution, etc. [s.l.] :
Name of publisher, distributor, etc. TRILLAS,
Date of publication, distribution, etc. 1994
300 ## - PHYSICAL DESCRIPTION
Extent 195
650 14 - SUBJECT ADDED ENTRY--TOPICAL TERM
Topical term or geographic name entry element PERIODISMO
General subdivision REPORTAJES
Existencias
Withdrawn status Lost status Source of classification or shelving scheme Damaged status Not for loan Collection code Home library Current library Shelving location Date acquired Source of acquisition Inventory number Total Checkouts Full call number Barcode Date last seen Date last checked out Price effective from Koha item type
    Dewey Decimal Classification     General Biblioteca Karol Wojtyla Biblioteca Karol Wojtyla Sala general 03/12/2013 Compra 151000000000000000060103 1 '070.43 RIO 50381 05/01/2026 20/01/2020 03/12/2013 Libro
    Dewey Decimal Classification     General Biblioteca Karol Wojtyla Biblioteca Karol Wojtyla Sala general 03/12/2013 Compra 151000000000000000060101   '070.43 RIO 26253 05/01/2026   03/12/2013 Libro
    Dewey Decimal Classification     General Biblioteca Karol Wojtyla Biblioteca Karol Wojtyla Sala general 03/12/2013 Compra 151000000000000000060102   '070.43 RIO 44939 05/01/2026   03/12/2013 Libro